Masculinidades cambios y permanencias: varones del Cuzco, Iquitos y Lima

Guardado en:
Bibliografiske detaljer
Hovedforfatter: Fuller, Norma
Format: Texto
Udgivet: Lima: Fondo Editorial de la Pontíficia Universidad Católica
Fag:
Tags: Tilføj Tag
Ingen Tags, Vær først til at tagge denne postø!

MARC

LEADER 00000 a a2200000 04500
001 28119
003
040
090 |a 187006  
100 |a Fuller, Norma  
245 |a Masculinidades cambios y permanencias: varones del Cuzco, Iquitos y Lima  
260 |a Lima:   |b Fondo Editorial de la Pontíficia Universidad Católica  
300 |a 509 p.   |b **no definido**  
650 |a PUBERTAD  
650 |a MASCULINIDAD  
650 |a GENERO  
650 |a PROSTITUCION  
650 |a PERU  
999 |c 8363  |d 8363